[Event "Asian Games tt"]
[Site "Hangzhou"]
[Date "2023.10.02"]
[Round "4.22"]
[White "Kwong, Wing Ki"]
[Black "Kulpruethanon, Thanadon"]
[Result "0-1"]
[WhiteElo "1923"]
[BlackElo "2280"]
[PlyCount "158"]
[EventDate "2023.09.29"]
[EventType "team-tourn"]
[EventRounds "9"]
[EventCountry "CHN"]
[SourceTitle "EXT 2024"]
[Source "ChessBase"]
[SourceDate "2023.10.10"]
[SourceVersion "1"]
[SourceVersionDate "2023.10.10"]
[SourceQuality "1"]
[WhiteTeam "Hong Kong"]
[BlackTeam "Thailand"]
[WhiteTeamCountry "HKG"]
[BlackTeamCountry "THA"]

1. e4 c5 2. Nf3 Nc6 3. Bb5 Nf6 4. Bxc6 dxc6 5. d3 g6 6. Nc3 Bg7 7. Be3 b6 8. Qd2 Ng4 9. Bf4 e5 10. Bg3 f6 11. h3 Nh6 12. 0-0 Nf7 13. Nh2 g5 14. Qe2 h5 15. h4 Qe7 16. f3 Be6 17. Rfe1 Bh6 18. Nf1 Rg8 19. Kh1 Rg6 20. Qf2 0-0-0 21. Nd1 Rdg8 22. Nde3 Qd7 23. hxg5 fxg5 24. Nc4 Bxc4 25. dxc4 g4 26. Rad1 Qe6 27. Bh2 Rf6 28. Ne3 gxf3 29. gxf3 Bxe3 30. Rxe3 Qxc4 31. b3 Qe6 32. Qh4 Rfg6 33. Re2 Ng5 34. Qxh5 Rh6 35. Qg4 Qxg4 36. fxg4 Nf3 37. Rd3 Nxh2 38. Rxh2 Rxh2+ 39. Kxh2 Rxg4 40. Re3 Kb7 41. Kh3 Rf4 42. Kg3 Ka6 43. a3 Kb5 44. c4+ Ka5 45. Re1 b5 46. Re2 bxc4 47. bxc4 Ka4 48. Re3 a5 49. Kh3 Rf1 50. Kg4 Ra1 51. Kf5 Rxa3 52. Rxa3+ Kxa3 53. Kxe5 a4 54. Kd6 Kb4 55. e5 a3 56. e6 a2 57. e7 a1Q 58. e8Q Qf6+ 59. Kc7 Kxc4 60. Kb6 Qb2+ 61. Kc7 Qf6 62. Qe2+ Kb4 63. Qe1+ Qc3 64. Qb1+ Qb3 65. Qe1+ Kb5 66. Qe2+ c4 67. Qe5+ c5 68. Qe8+ Kb4 69. Qb8+ Ka3 70. Qa7+ Kb2 71. Qxc5 c3 72. Qe5 Qc4+ 73. Kd7 Kb3 74. Qe3 Kb4 75. Qe7+ Ka4 76. Qe1 c2 77. Qa1+ Kb3 78. Qc1 Qd4+ 79. Kc6 Qb2 0-1

[Event "Asian Games"]
[Site "Hangzhou"]
[Date "2023.09.25"]
[Round "3"]
[White "Kulpruethanon, Thanadon"]
[Black "Kwong, Wing Ki"]
[Result "1-0"]
[WhiteElo "2280"]
[BlackElo "1923"]
[PlyCount "83"]
[EventDate "2023.09.24"]
[EventType "swiss (rapid)"]
[EventRounds "9"]
[EventCountry "CHN"]
[SourceTitle "EXT 2024"]
[Source "ChessBase"]
[SourceDate "2023.10.10"]
[SourceVersion "1"]
[SourceVersionDate "2023.10.10"]
[SourceQuality "1"]

1. d4 Nf6 2. c4 g6 3. Nc3 d5 4. cxd5 Nxd5 5. e4 Nxc3 6. bxc3 Bg7 7. Be3 c5 8. Nf3 Nc6 9. Rc1 cxd4 10. cxd4 0-0 11. d5 Ne5 12. Nxe5 Bxe5 13. f4 Bg7 14. Be2 e6 15. d6 Bd7 16. 0-0 Bc6 17. e5 f6 18. Qb3 fxe5 19. fxe5 Qh4 20. Qxe6+ Kh8 21. Qg4 Qxg4 22. Rxf8+ Rxf8 23. Bxg4 Bxe5 24. d7 Bf6 25. Bxa7 h5 26. Be6 Kg7 27. Bb6 Bd8 28. Bxd8 Rxd8 29. Rf1 g5 30. Rf7+ Kg6 31. Kf2 h4 32. g3 hxg3+ 33. hxg3 Ra8 34. g4 Rd8 35. Ke3 Bxd7 36. Rxd7 Re8 37. Rd6 Kf6 38. Kd4 Rxe6 39. Kd5 Rxd6+ 40. Kxd6 b6 41. a4 Kf7 42. Kc6 1-0

[Event "THA-ch 46th"]
[Site "Bangkok"]
[Date "2023.04.12"]
[Round "2"]
[White "Keeratipong, Ukachoke"]
[Black "Kulpruethanon, Thanadon"]
[Result "0-1"]
[WhiteElo "1542"]
[BlackElo "2244"]
[PlyCount "82"]
[EventDate "2023.04.12"]
[EventType "swiss"]
[EventRounds "9"]
[EventCountry "THA"]
[SourceTitle "CBM 213 Extra"]
[Source "ChessBase"]
[SourceDate "2023.05.31"]
[SourceVersion "1"]
[SourceVersionDate "2023.05.31"]
[SourceQuality "1"]

1. e4 c5 2. Nc3 Nc6 3. Bb5 Nd4 4. Nf3 e6 5. 0-0 a6 6. Be2 Ne7 7. Nxd4 cxd4 8. Na4 Nc6 9. b3 Bd6 10. a3 0-0 11. Nb2 Bc7 12. f4 d5 13. exd5 exd5 14. Nd3 Bf5 15. Bb2 Re8 16. Bg4 Bxd3 17. cxd3 Qd6 18. Qf3 Re7 19. g3 Rae8 20. Qf2 Qc5 21. b4 Qb5 22. Qf3 g6 23. Rf2 a5 24. a4 Qxb4 25. Ba3 Re1+ 26. Kg2 Qxa4 27. Rxe1 Rxe1 28. Bc5 Qb5 29. Ba3 Ra1 30. Re2 Rxa3 31. Re8+ Kg7 32. f5 Ne5 33. f6+ Kh6 34. Qf4+ g5 35. Qf5 Qxe8 36. h4 Qg8 37. Be2 Qg6 38. Qc8 gxh4 39. Qf8+ Kg5 40. Qg7 hxg3 41. Qxg6+ hxg6 0-1

[Event "Olympiad-44"]
[Site "Chennai"]
[Date "2022.08.07"]
[Round "9.1"]
[White "Msellek, Ilyass"]
[Black "Kulpruethanon, Thanadon"]
[Result "1/2-1/2"]
[WhiteElo "2398"]
[BlackElo "2294"]
[PlyCount "74"]
[EventDate "2022.07.29"]
[EventType "team-swiss"]
[EventRounds "11"]
[EventCountry "IND"]
[SourceTitle "CBM 210"]
[Source "ChessBase"]
[SourceDate "2022.10.31"]
[SourceVersion "1"]
[SourceVersionDate "2022.10.31"]
[SourceQuality "1"]
[WhiteTeam "Morocco"]
[BlackTeam "Thailand"]
[WhiteTeamCountry "MAR"]
[BlackTeamCountry "THA"]

1. e4 e5 2. Nf3 Nc6 3. Bb5 a6 4. Ba4 Nf6 5. 0-0 Be7 6. Re1 b5 7. Bb3 d6 8. c3 0-0 9. h3 Bb7 10. d4 Re8 11. Nbd2 Bf8 12. a3 h6 13. Bc2 Nb8 14. b4 Nbd7 15. Bb2 Rc8 16. c4 c5 17. bxc5 exd4 18. cxd6 bxc4 19. Bxd4 c3 20. Nb1 Nxe4 21. Bxe4 Rxe4 22. Nxc3 Rf4 23. Re3 Rc4 24. Qd3 Qc8 25. Ne2 Rxf3 26. gxf3 Rc6 27. Ng3 Rxd6 28. Nf5 Rg6+ 29. Kh1 Nc5 30. Bxc5 Qxc5 31. Rg1 Qc8 32. Kh2 Rf6 33. Rxg7+ Kh8 34. Rh7+ Kg8 35. Rg7+ Kh8 36. Rh7+ Kg8 37. Rg7+ Kh8 1/2-1/2

[Event "Olympiad-44"]
[Site "Chennai"]
[Date "2022.08.02"]
[Round "5.1"]
[White "Petkov, Momchil"]
[Black "Kulpruethanon, Thanadon"]
[Result "1-0"]
[WhiteElo "2510"]
[BlackElo "2294"]
[PlyCount "57"]
[EventDate "2022.07.29"]
[EventType "team-swiss"]
[EventRounds "11"]
[EventCountry "IND"]
[SourceTitle "CBM 210"]
[Source "ChessBase"]
[SourceDate "2022.10.31"]
[SourceVersion "1"]
[SourceVersionDate "2022.10.31"]
[SourceQuality "1"]
[WhiteTeam "Bulgaria"]
[BlackTeam "Thailand"]
[WhiteTeamCountry "BUL"]
[BlackTeamCountry "THA"]

1. e4 e5 2. Nf3 Nc6 3. Bc4 Bc5 4. 0-0 Nf6 5. d3 0-0 6. Bg5 Be7 7. Nc3 d6 8. a3 h6 9. Be3 Kh8 10. h3 Qe8 11. d4 Nd7 12. Re1 Bd8 13. Qd2 f5 14. exf5 Rxf5 15. Bd5 Nf6 16. Bxc6 bxc6 17. dxe5 Rxf3 18. exf6 Qg6 19. fxg7+ Kh7 20. Ne2 Bxh3 21. Ng3 Rxg3 22. fxg3 Bf5 23. Rf1 Be7 24. Rf2 Rg8 25. Raf1 Be6 26. Qd3 Qxd3 27. cxd3 c5 28. Bd2 Bd5 29. Re1 1-0

[Event "SEA Blitz Team 31st"]
[Site "Ha Long"]
[Date "2022.05.21"]
[Round "5"]
[White "Kulpruethanon, Thanadon"]
[Black "Lim, Zhuo Ren"]
[Result "1/2-1/2"]
[WhiteElo "2282"]
[BlackElo "2290"]
[PlyCount "95"]
[EventDate "2022.05.21"]
[EventType "team-tourn (blitz)"]
[EventRounds "5"]
[EventCountry "VIE"]
[SourceTitle "CBM 208 Extra"]
[Source "ChessBase"]
[SourceDate "2022.07.31"]
[SourceVersion "1"]
[SourceVersionDate "2022.07.31"]
[SourceQuality "1"]
[WhiteTeam "Thailand"]
[BlackTeam "Malaysia"]
[WhiteTeamCountry "THA"]
[BlackTeamCountry "MAS"]

1. Nf3 c5 2. g3 g6 3. Bg2 Bg7 4. c4 Nc6 5. Nc3 d6 6. 0-0 Rb8 7. e3 Nh6 8. d3 0-0 9. Qd2 Nf5 10. b3 a6 11. Bb2 b5 12. Rac1 b4 13. Nd5 e6 14. Bxg7 Kxg7 15. Qb2+ f6 16. Nf4 e5 17. Nd5 Nfe7 18. Nxe7 Qxe7 19. d4 Bb7 20. dxc5 dxc5 21. Rfd1 Rbd8 22. Nd2 Rd7 23. Bd5 Na5 24. e4 Nc6 25. Qc2 Nd4 26. Qd3 Rdd8 27. Rf1 Bc8 28. f4 Bg4 29. Rf2 a5 30. Qf1 Qd7 31. f5 gxf5 32. h3 Bh5 33. exf5 Bf7 34. Ne4 Rc8 35. Bxf7 Kxf7 36. Qd3 Rg8 37. Kh2 Qc6 38. Qe3 Rg7 39. Re1 Rcg8 40. Qh6 Rd8 41. Qh5+ Kg8 42. Qh6 Rf8 43. g4 Rff7 44. Qh4 Kh8 45. Qh6 Kg8 46. Qh4 Kh8 47. Qh6 Kg8 48. Qh4 1/2-1/2

[Event "SEA Blitz Team 31st"]
[Site "Ha Long"]
[Date "2022.05.21"]
[Round "1"]
[White "Le, Quang Liem"]
[Black "Kulpruethanon, Thanadon"]
[Result "1-0"]
[WhiteElo "2709"]
[BlackElo "2282"]
[PlyCount "59"]
[EventDate "2022.05.21"]
[EventType "team-tourn (blitz)"]
[EventRounds "5"]
[EventCountry "VIE"]
[SourceTitle "CBM 208 Extra"]
[Source "ChessBase"]
[SourceDate "2022.07.31"]
[SourceVersion "1"]
[SourceVersionDate "2022.07.31"]
[SourceQuality "1"]
[WhiteTeam "Vietnam"]
[BlackTeam "Thailand"]
[WhiteTeamCountry "VIE"]
[BlackTeamCountry "THA"]

1. d4 Nf6 2. Nf3 d5 3. c4 e6 4. Nc3 c6 5. Bg5 Nbd7 6. e3 Qa5 7. cxd5 Nxd5 8. Rc1 Nxc3 9. bxc3 Ba3 10. Rc2 0-0 11. Bd3 b6 12. 0-0 Ba6 13. c4 Rfe8 14. Bf4 Bf8 15. h3 Rac8 16. Bg3 h6 17. e4 Qa4 18. e5 Rcd8 19. Qe2 c5 20. d5 exd5 21. cxd5 Bxd3 22. Qxd3 b5 23. Re2 c4 24. Qf5 Nc5 25. e6 fxe6 26. dxe6 Re7 27. Qxc5 Rxe6 28. Qc7 Rxe2 29. Qxd8 Qxa2 30. Bd6 1-0